000 00624nam a2200169 4500
999 _c15914
_d15914
008 201217b ||||| |||| 00| 0 eng d
022 _a0732-8435
082 _aDPer 657.05 C33 Sept - Mar 2015, v. 85 - 86
100 _aAgostino, Frank.
_942718
245 _aThe continuing impact of the AJAC project on IRS enforced collection cases/
_b
_cFrank Agostino and Jairo G. Cano.
260 _aNew York:
_bThe New York State Society of CPA,
_c©2015.
300 _av86 n1, pages 60-62:
_billustrations;
_c28 cm.
650 _aTaxation.
_942693
650 _a
_942712
700 _aCano, J. G.
_eAuthor.
_942724
942 _2ddc
_cPER